[Event "Rated Blitz tournament gbXWUgrm"]
[Site "?"]
[Date "2021.04.25"]
[Round "?"]
[White "Dobby2011"]
[Black "dr_xStranger"]
[Result "1-0"]
[WhiteElo "2657"]
[BlackElo "2535"]
[PlyCount "79"]
[EventDate "2021.??.??"]
[EventType "blitz"]

1. e4 e5 2. Nf3 d5 3. exd5 e4 4. Qe2 Nf6 5. d3 Bb4+ 6. c3 O-O 7. dxe4 Bc5 8.
Qc4 Nxe4 9. Qxe4 Re8 10. Ne5 f6 11. Bf4 fxe5 12. Bg3 Nd7 13. Bc4 Nf6 14. Qh4
Bd6 15. O-O e4 16. Bxd6 Qxd6 17. Nd2 Bf5 18. Rfe1 h6 19. Rad1 a6 20. Nf1 Bh7
21. Ne3 b5 22. Bb3 Nd7 23. c4 b4 24. Qg3 Qxg3 25. hxg3 Nc5 26. d6 Nd3 27. Re2
cxd6 28. c5+ Kh8 29. cxd6 Red8 30. Nc4 Bg6 31. Re3 Bh5 32. f3 Nc5 33. Ne5 exf3
34. gxf3 Nxb3 35. axb3 Rac8 36. g4 Be8 37. d7 Bxd7 38. Nf7+ Kg8 39. Nxd8 Rxd8
40. Red3 {Normal} 1-0

[Event "Rated Blitz game"]
[Site "?"]
[Date "2021.04.25"]
[Round "?"]
[White "Mariapupo"]
[Black "Jomajo"]
[Result "1-0"]
[WhiteElo "2578"]
[BlackElo "2633"]
[PlyCount "121"]
[EventDate "2021.??.??"]
[EventType "blitz"]

1. e4 e5 2. Nf3 d5 3. Nxe5 Bd6 4. d4 dxe4 5. Qe2 Nf6 6. Nc3 Nc6 7. Nxc6 bxc6 8.
Bg5 Bb4 9. Bxf6 Bxc3+ 10. bxc3 Qxf6 11. Qxe4+ Qe6 12. Bd3 g6 13. O-O O-O 14.
Rfe1 Rb8 15. Qf4 Qd6 16. Qh6 Be6 17. Re5 Rfd8 18. h4 Qf8 19. Qf4 Rb2 20. a4
Rdb8 21. h5 Rb1+ 22. Rxb1 Rxb1+ 23. Kh2 Qg7 24. h6 Qf8 25. Ra5 Rb7 26. Ra6 Bd7
27. Be4 f6 28. Bxc6 g5 29. Qe4 Qxh6+ 30. Kg3 Qh4+ 31. Qxh4 gxh4+ 32. Kxh4 Bxc6
33. Rxc6 Kf7 34. a5 Kg6 35. a6 Rb2 36. Rxc7 Rxc2 37. Kg3 h6 38. c4 Kf5 39. c5
Rc3+ 40. f3 Ke6 41. Rxa7 Ra3 42. c6 Kd6 43. c7 Kd7 44. Kf4 Ra5 45. g4 Kc8 46.
Ke4 h5 47. gxh5 Rxh5 48. d5 Re5+ 49. Kd4 Rf5 50. d6 Kd7 51. Ra8 Rf4+ 52. Kd3
Rxf3+ 53. Kd4 Rf4+ 54. Kc5 Rf5+ 55. Kb6 Kxd6 56. c8=Q Re5 57. Qc7+ Kd5 58. Rd8+
Ke4 59. Qxe5+ fxe5 60. a7 Kf5 61. a8=Q {Time forfeit} 1-0

[Event "Rated Blitz game"]
[Site "?"]
[Date "2021.04.25"]
[Round "?"]
[White "julien211003"]
[Black "KamranShirazi"]
[Result "1-0"]
[WhiteElo "2463"]
[BlackElo "2497"]
[PlyCount "79"]
[EventDate "2021.??.??"]
[EventType "blitz"]

1. e4 e5 2. Nf3 d5 3. d4 dxe4 4. Nxe5 Nd7 5. Nxd7 Bxd7 6. Be2 Bd6 7. h3 h6 8.
c4 Nf6 9. c5 Be7 10. Nc3 Bc6 11. Be3 Nd5 12. O-O Nxe3 13. fxe3 Bg5 14. Qd2 Bd5
15. Nxd5 Qxd5 16. Rac1 O-O 17. Bc4 Qc6 18. b4 Rad8 19. Qf2 Kh8 20. b5 Qg6 21.
Rce1 f5 22. Kh1 f4 23. exf4 Rxf4 24. Qg3 Qf6 25. Rxf4 Bxf4 26. Qg4 Rxd4 27.
Qc8+ Rd8 28. Qxb7 Qc3 29. Qxe4 Bg3 30. Rf1 Qd4 31. Rf8+ Rxf8 32. Qxd4 Rf4 33.
Qd8+ Kh7 34. Bd3+ g6 35. Qxc7+ Kg8 36. Qd8+ Kf7 37. c6 Rb4 38. Qd7+ Kf6 39. c7
Rxb5 40. Qxb5 {Normal} 1-0

[Event "Rated Blitz tournament 0UHPjZIO"]
[Site "?"]
[Date "2021.04.25"]
[Round "?"]
[White "pasteta"]
[Black "lavilaine"]
[Result "1-0"]
[WhiteElo "2424"]
[BlackElo "2321"]
[PlyCount "83"]
[EventDate "2021.??.??"]
[EventType "blitz"]

1. e4 e5 2. Nf3 d5 3. Nxe5 Qe7 4. d4 f6 5. Nf3 dxe4 6. Nfd2 f5 7. Bc4 Nf6 8.
O-O Be6 9. Bxe6 Qxe6 10. c4 Bd6 11. c5 Be7 12. Qb3 Qxb3 13. Nxb3 Nc6 14. Nc3
O-O-O 15. Be3 Nd5 16. Nxd5 Rxd5 17. Rfd1 g5 18. g3 Rhd8 19. Rac1 Bf6 20. Kg2 h6
21. Rc4 Bg7 22. h4 Ne5 23. dxe5 Rxd1 24. hxg5 hxg5 25. Bxg5 Re8 26. c6 bxc6 27.
Nd4 Bxe5 28. Nxc6 Bxb2 29. Ne7+ Kd7 30. Nxf5 Re5 31. Ne3 Rd2 32. Bf4 Rb5 33.
Rxc7+ Ke8 34. Nc4 Re2 35. Nd6+ Kf8 36. Nxb5 Bd4 37. Nxd4 Rxa2 38. Ne6+ Ke8 39.
Bd6 Rxf2+ 40. Kxf2 e3+ 41. Ke2 a5 42. Re7# {Normal} 1-0

[Event "Rated Blitz tournament xQiYhraH"]
[Site "?"]
[Date "2021.04.25"]
[Round "?"]
[White "IPUTRA_LCKB"]
[Black "DarthZannah"]
[Result "0-1"]
[WhiteElo "2305"]
[BlackElo "2506"]
[PlyCount "66"]
[EventDate "2021.??.??"]
[EventType "blitz"]

1. e4 e5 2. Nf3 d5 3. d4 dxe4 4. Nxe5 Nd7 5. Nxd7 Bxd7 6. Bc4 Bd6 7. O-O Qh4 8.
g3 Qh3 9. f3 exf3 10. Qxf3 O-O-O 11. Re1 Nf6 12. Bf1 Qf5 13. Qxf5 Bxf5 14. c3
Rhe8 15. Be3 Ng4 16. Bd2 h5 17. Na3 c6 18. Nc4 Bc7 19. Ne3 Nxe3 20. Rxe3 Rxe3
21. Bxe3 Re8 22. Bf2 g5 23. h3 Kd7 24. Rd1 Be4 25. Rd2 f5 26. c4 f4 27. g4 hxg4
28. hxg4 Rh8 29. Be1 Rh1+ 30. Kf2 Ba5 31. Re2 Rh2+ 32. Kg1 Rxe2 33. Bxa5 Rxb2 {
Normal} 0-1

[Event "Rated Blitz game"]
[Site "?"]
[Date "2021.04.25"]
[Round "?"]
[White "Panesso"]
[Black "vitalirapid"]
[Result "1-0"]
[WhiteElo "2575"]
[BlackElo "2402"]
[PlyCount "77"]
[EventDate "2021.??.??"]
[EventType "blitz"]

1. e4 e5 2. Nf3 d5 3. exd5 e4 4. Qe2 Be7 5. Qxe4 Nf6 6. Bb5+ c6 7. dxc6 bxc6 8.
Bxc6+ Nxc6 9. Qxc6+ Bd7 10. Qa6 Kf8 11. O-O Kg8 12. a4 h5 13. d4 Rc8 14. c3 Bc6
15. Ne5 Ba8 16. Qe2 Ng4 17. f3 Nxe5 18. dxe5 h4 19. h3 Bg5 20. Bxg5 Qxg5 21.
Na3 Rh6 22. Rad1 Rg6 23. Rd4 Rf8 24. Rg4 Qf5 25. Rxg6 Qxg6 26. Nc4 Re8 27. Re1
Bd5 28. Nd6 Re6 29. Qd2 Bxf3 30. b4 f6 31. Qf2 Ba8 32. Nf5 fxe5 33. Nxh4 Qg5
34. Qxa7 Qxh4 35. Qxa8+ Kf7 36. Qe4 Qg3 37. Re3 Qg5 38. a5 Rf6 39. Qxe5 {Normal
} 1-0

[Event "Rated Blitz tournament fW48sD0m"]
[Site "?"]
[Date "2021.04.25"]
[Round "?"]
[White "Ute-Manfred"]
[Black "DonCroccante"]
[Result "1-0"]
[WhiteElo "2622"]
[BlackElo "2407"]
[PlyCount "41"]
[EventDate "2021.??.??"]
[EventType "blitz"]

1. e4 e5 2. Nf3 d5 3. exd5 e4 4. Ne5 Bd6 5. d4 Nf6 6. Nc3 O-O 7. Bc4 a6 8. O-O
b5 9. Bb3 b4 10. Na4 Bb7 11. Bg5 h6 12. Bh4 Re8 13. f4 Nbd7 14. Qe2 Qc8 15.
Rad1 Nxd5 16. Qxe4 Bxe5 17. fxe5 c6 18. Rxf7 Kxf7 19. Qh7 Rg8 20. Rf1+ N7f6 21.
Rxf6+ {Normal} 1-0

[Event "Rated Blitz game"]
[Site "?"]
[Date "2021.04.25"]
[Round "?"]
[White "lecitronvert"]
[Black "annaly1979"]
[Result "0-1"]
[WhiteElo "2476"]
[BlackElo "2425"]
[PlyCount "132"]
[EventDate "2021.??.??"]
[EventType "blitz"]

1. e4 e5 2. Nf3 d5 3. Nxe5 Qe7 4. d4 f6 5. Nd3 Nc6 6. c3 Bf5 7. Be2 Bxe4 8. O-O
Qf7 9. Nc5 Bxc5 10. dxc5 Nge7 11. f3 Bf5 12. Bf4 Ng6 13. Bg3 O-O 14. Nd2 Rfe8
15. Nb3 Rad8 16. Bd3 Bxd3 17. Qxd3 Nce5 18. Qc2 Nc4 19. Rfe1 c6 20. Nd4 Qd7 21.
b3 Ne3 22. Qd3 Qe7 23. Nf5 Qxc5 24. Bf2 d4 25. Nxd4 Nd5 26. Ne6 Qxc3 27. Qxc3
Nxc3 28. Nxd8 Rxd8 29. Bxa7 Rd2 30. a3 Kf7 31. Be3 Rd3 32. b4 b5 33. Kf2 Ne5
34. Rec1 Nc4 35. Bc5 Rd2+ 36. Kg3 Ne2+ 37. Kh3 Nxc1 38. Rxc1 Nxa3 39. Ra1 Nc4
40. Ra7+ Kg6 41. Bf8 Ne3 42. Rxg7+ Kf5 43. Bc5 Nd5 44. Rxh7 Rb2 45. Rh4 Kg5 46.
Rg4+ Kh5 47. Rg8 Nxb4 48. g4+ Kh6 49. Be3+ Kh7 50. Rf8 Nd5 51. Bd4 Rb3 52. Bxf6
Rxf3+ 53. Kh4 Rxf6 54. Rc8 Kg7 55. Kg3 Re6 56. h4 Re3+ 57. Kf2 Rc3 58. h5 Nf4
59. Rc7+ Kh6 60. Rf7 Kg5 61. Rg7+ Kh6 62. Rf7 Rc4 63. Kf3 Nxh5 64. gxh5 Kxh5
65. Rg7 Kh6 66. Ke3 Kxg7 {Normal} 0-1

[Event "Rated Blitz tournament xQiYhraH"]
[Site "?"]
[Date "2021.04.25"]
[Round "?"]
[White "Pusaka_BKD"]
[Black "DarthZannah"]
[Result "0-1"]
[WhiteElo "2376"]
[BlackElo "2514"]
[PlyCount "130"]
[EventDate "2021.??.??"]
[EventType "blitz"]

1. e4 e5 2. Nf3 d5 3. exd5 e4 4. Qe2 Nf6 5. Ng5 Be7 6. Nxe4 O-O 7. d3 Qxd5 8.
Nbc3 Qa5 9. Bd2 Nc6 10. O-O-O Nxe4 11. dxe4 Be6 12. Qb5 Qb6 13. Qxb6 axb6 14.
a3 Ne5 15. f4 Ng4 16. f5 Nf2 17. fxe6 Nxh1 18. exf7+ Kh8 19. Bc4 Nf2 20. Rf1
Ng4 21. Bf4 c6 22. e5 Bc5 23. Nd1 b5 24. Be6 Nh6 25. Bxh6 gxh6 26. Bb3 b4 27.
a4 Rad8 28. e6 Be7 29. Ne3 Bg5 30. Kb1 Bxe3 31. e7 Bg5 32. exf8=Q+ Rxf8 33. Rd1
Kg7 34. Rd7 b6 35. Rc7 c5 36. Rb7 Bd8 37. g3 h5 38. Bc4 Kf6 39. Ka2 Kg5 40. Kb3
Kg4 41. Be6+ Kf3 42. Kc4 Kg2 43. h3 Kxg3 44. Kb5 Kf4 45. Kc6 Ke5 46. Kd7 Bf6
47. Rxb6 Rd8+ 48. Kc7 Ra8 49. Bb3 Rf8 50. Re6+ Kf5 51. Re8 Bg7 52. Rxf8 Bxf8
53. a5 Kf6 54. a6 c4 55. Bxc4 Bc5 56. Kd7 Kg7 57. Ke8 h4 58. a7 b3 59. a8=Q
bxc2 60. Qg2+ Kf6 61. Qxc2 Ke5 62. Qe2+ Kd6 63. Qe6+ Kc7 64. Qd7+ Kb6 65. Qb5+
Ka7 {Time forfeit} 0-1

[Event "Rated Blitz game"]
[Site "?"]
[Date "2021.04.25"]
[Round "?"]
[White "DomingosJunior2004"]
[Black "magos33"]
[Result "1-0"]
[WhiteElo "2367"]
[BlackElo "2410"]
[PlyCount "201"]
[EventDate "2021.??.??"]
[EventType "blitz"]

1. e4 e5 2. Nf3 d5 3. Nxe5 Bd6 4. d4 dxe4 5. Nc4 Nf6 6. Be2 O-O 7. Nxd6 Qxd6 8.
c4 c5 9. Nc3 Bf5 10. Be3 cxd4 11. Qxd4 Qxd4 12. Bxd4 Nfd7 13. Nd5 Nc6 14. Bc3
Nb6 15. Nxb6 axb6 16. O-O Rfd8 17. Rfd1 Kf8 18. b3 f6 19. Kf1 Ke7 20. a4 Na5
21. b4 Nc6 22. b5 Na5 23. Bb4+ Kf7 24. c5 Rxd1+ 25. Bxd1 bxc5 26. Bxc5 Be6 27.
Be3 Nb3 28. Ra3 Na5 29. Rc3 Rc8 30. Rxc8 Bxc8 31. Bd2 Nc4 32. Bc3 Be6 33. a5
Bd7 34. Ba4 Ke6 35. Ke1 Bc8 36. Ke2 Kd5 37. Bb4 f5 38. Bb3 Bd7 39. a6 bxa6 40.
bxa6 Bc6 41. a7 g5 42. Bd2 h6 43. h4 f4 44. hxg5 hxg5 45. Ba4 Bb7 46. Bb3 Kd4
47. Bc1 f3+ 48. gxf3 exf3+ 49. Ke1 g4 50. Ba2 Kc3 51. Bxc4 Kxc4 52. Bf4 Kd3 53.
Bg3 Ba8 54. Kf1 Ke4 55. Kg1 Kf5 56. Bh4 Kg6 57. Bg3 Kh5 58. Kh2 Kg6 59. Kg1 Kf5
60. Kf1 Ke4 61. Ke1 Kd3 62. Kf1 Kd2 63. Kg1 Ke2 64. Bf4 Bb7 65. Bg3 Kd3 66. Bh4
g3 67. Bxg3 Ke4 68. Bh4 Kf5 69. Bg3 Kg4 70. Kf1 Kh3 71. Ke1 Kg2 72. Kd2 Ba8 73.
Kc3 Bb7 74. Kb4 Ba8 75. Kc5 Bb7 76. Kb6 Ba8 77. Kc7 Bd5 78. Kb8 Be4 79. a8=Q
Bxa8 80. Kxa8 Kh3 81. Kb7 Kg4 82. Kc6 Kf5 83. Kd5 Kf6 84. Ke4 Ke6 85. Kxf3 Kf5
86. Kg2 Kg5 87. f4+ Kf5 88. Kf2 Ke6 89. Kg2 Kf6 90. Kf3 Kf5 91. Ke3 Kg4 92. Ke4
Kxg3 93. f5 Kh4 94. f6 Kg5 95. f7 Kf6 96. f8=Q+ Ke6 97. Qf5+ Kd6 98. Qg6+ Kc5
99. Qf6 Kc4 100. Qe6+ Kc5 101. Qd7 {Time forfeit} 1-0

[Event "Rated Blitz tournament 46RQ8E9J"]
[Site "?"]
[Date "2021.04.25"]
[Round "?"]
[White "Jasper_Rom"]
[Black "khalid_ontawar"]
[Result "1/2-1/2"]
[WhiteElo "2449"]
[BlackElo "2315"]
[PlyCount "79"]
[EventDate "2021.??.??"]
[EventType "blitz"]

1. e4 e5 2. Nf3 d5 3. Nxe5 Qe7 4. d4 f6 5. Ng4 dxe4 6. Ne3 Nc6 7. Bc4 Bd7 8.
O-O O-O-O 9. c3 f5 10. b4 g5 11. Nd5 Qg7 12. Qa4 Kb8 13. b5 Nce7 14. Nb4 Nc8
15. Nc6+ bxc6 16. bxc6 Bxc6 17. Qxc6 Rd6 18. Qb5+ Rb6 19. Qxf5 Nge7 20. Qxe4
Nd6 21. Qe2 Ng6 22. Bb3 Nf4 23. Qf3 Nf5 24. Bxf4 gxf4 25. Qxf4 Nh6 26. Nd2 Bd6
27. Qe4 Ng4 28. g3 Nxh2 29. Kxh2 Qh6+ 30. Kg2 Qxd2 31. Rad1 Qxc3 32. Rc1 Qb2
33. Rc6 Rf8 34. Rxb6+ axb6 35. Qc6 Qxd4 36. Bd5 Kc8 37. Be6+ Kb8 38. Bd5 Kc8
39. Be6+ Kb8 40. Bd5 {Normal} 1/2-1/2

[Event "Rated Blitz tournament 46RQ8E9J"]
[Site "?"]
[Date "2021.04.25"]
[Round "?"]
[White "DrMkcTheHandsome"]
[Black "khalid_ontawar"]
[Result "0-1"]
[WhiteElo "2411"]
[BlackElo "2306"]
[PlyCount "78"]
[EventDate "2021.??.??"]
[EventType "blitz"]

1. e4 e5 2. Nf3 d5 3. Nc3 dxe4 4. Nxe4 f5 5. Nc3 e4 6. Ng1 Be6 7. d3 Nf6 8.
dxe4 Qxd1+ 9. Nxd1 Nxe4 10. Bd3 Bc5 11. Bxe4 fxe4 12. Be3 Bd6 13. Ne2 Nc6 14.
a3 O-O-O 15. Ndc3 Bf5 16. O-O-O Rhe8 17. h3 h6 18. Kb1 a6 19. Nd4 Nxd4 20. Bxd4
Bf4 21. g4 Bh7 22. Bxg7 Rxd1+ 23. Rxd1 e3 24. fxe3 Rxe3 25. h4 Rg3 26. Bf6 b5
27. Rd4 Rxg4 28. Nd5 Rg1+ 29. Ka2 Bg8 30. b3 Bxd5 31. Rxd5 Rg6 32. Rf5 Bd6 33.
Rf2 Kd7 34. h5 Rg4 35. Bb2 Rh4 36. Rf6 Rxh5 37. Bc1 Rh2 38. Kb1 Rh1 39. c3 Bxa3
{Normal} 0-1

[Event "Rated Blitz tournament fW48sD0m"]
[Site "?"]
[Date "2021.04.25"]
[Round "?"]
[White "DBBM"]
[Black "DonCroccante"]
[Result "1-0"]
[WhiteElo "2508"]
[BlackElo "2410"]
[PlyCount "61"]
[EventDate "2021.??.??"]
[EventType "blitz"]

1. e4 e5 2. Nf3 d5 3. Nxe5 Bd6 4. d4 dxe4 5. Nc3 Nf6 6. Nc4 Nc6 7. Nxd6+ Qxd6
8. Be3 Bf5 9. Qd2 a6 10. O-O-O O-O 11. h3 b5 12. g4 Bg6 13. Bf4 Qd7 14. d5 Ne7
15. d6 cxd6 16. Qxd6 Qe8 17. Bg5 Rc8 18. Bxf6 gxf6 19. h4 Rc6 20. Qd4 h6 21. h5
Bh7 22. Bg2 Rc4 23. Qxf6 Nc6 24. g5 Qe5 25. Qxe5 Nxe5 26. Rd5 Nf3 27. Bxf3 exf3
28. a3 Rfc8 29. gxh6 Rxc3 30. bxc3 Rxc3 31. Rd8# {Normal} 1-0

[Event "Rated Blitz game"]
[Site "?"]
[Date "2021.04.25"]
[Round "?"]
[White "malkomilovich"]
[Black "batasjon"]
[Result "0-1"]
[WhiteElo "2408"]
[BlackElo "2383"]
[PlyCount "92"]
[EventDate "2021.??.??"]
[EventType "blitz"]

1. e4 e5 2. Nf3 d5 3. exd5 e4 4. Ne5 Qxd5 5. d4 exd3 6. Nxd3 Nf6 7. Nc3 Qf5 8.
Be2 Bd6 9. O-O O-O 10. f4 Nc6 11. Be3 Re8 12. Qd2 Be6 13. Bf3 Rad8 14. Rae1 Bc4
15. Qc1 Ng4 16. Bd2 Bxd3 17. cxd3 Bc5+ 18. Kh1 Nf2+ 19. Rxf2 Bxf2 20. Be4 Qh5
21. Rf1 Bg3 22. h3 Nd4 23. Bxb7 c6 24. Ne4 Ne2 25. Qd1 Bh4 26. g4 Qb5 27. Bxc6
Qxc6 28. Qxe2 Rxe4 29. dxe4 Bf6 30. Bc3 Bxc3 31. Rc1 Qf6 32. Rxc3 Qxf4 33. Rd3
Re8 34. Kg2 h5 35. gxh5 Rxe4 36. Rd8+ Kh7 37. Qd3 f5 38. Rd5 Qg5+ 39. Kh2 Qf4+
40. Kg2 Qg5+ 41. Kh2 Rf4 42. Qd2 Qh4 43. Qd3 Rf2+ 44. Kg1 Rf4 45. Kg2 Qf2+ 46.
Kh1 Rf3 {Time forfeit} 0-1

[Event "Rated Blitz tournament gbXWUgrm"]
[Site "?"]
[Date "2021.04.25"]
[Round "?"]
[White "AntiAging"]
[Black "Akbas_Kaan"]
[Result "1/2-1/2"]
[WhiteElo "2308"]
[BlackElo "2408"]
[PlyCount "48"]
[EventDate "2021.??.??"]
[EventType "blitz"]

1. e4 e5 2. Nf3 d5 3. d3 dxe4 4. dxe4 Qxd1+ 5. Kxd1 f6 6. Bd3 Nc6 7. Ke2 Be6 8.
Rd1 O-O-O 9. Nc3 Bc5 10. Kf1 Nge7 11. a3 Nd4 12. b4 Nxf3 13. gxf3 Bd4 14. Bb2
Nc6 15. Rab1 a6 16. Na4 Bxb2 17. Rxb2 Rd7 18. Nc5 Rd6 19. c3 Bc4 20. Rbd2 Rhd8
21. Ke2 Rxd3 22. Rxd3 Bxd3+ 23. Rxd3 Rxd3 24. Kxd3 Nd8 {Normal} 1/2-1/2

[Event "Rated Blitz game"]
[Site "?"]
[Date "2021.04.25"]
[Round "?"]
[White "superspeed"]
[Black "pasha1984"]
[Result "0-1"]
[WhiteElo "2479"]
[BlackElo "2396"]
[PlyCount "160"]
[EventDate "2021.??.??"]
[EventType "blitz"]

1. e4 e5 2. Nf3 d5 3. exd5 e4 4. Qe2 Nf6 5. Nc3 Be7 6. Ng5 O-O 7. Ngxe4 Nxd5 8.
Nxd5 Qxd5 9. Nc3 Qd6 10. d3 Nc6 11. Be3 Bf6 12. Qd2 Bf5 13. O-O-O Qe6 14. Kb1
Nb4 15. a3 Bxc3 16. Qxc3 Qa2+ 17. Kc1 Nd5 18. Qb3 Qxb3 19. cxb3 Rad8 20. d4
Rfe8 21. Re1 Re6 22. Bc4 c6 23. Bd2 b5 24. Rxe6 Bxe6 25. Bd3 Nf6 26. Be3 Bxb3
27. h3 Bd5 28. Rg1 Be4 29. Be2 h6 30. Re1 Nd5 31. g3 Nxe3 32. fxe3 Bd5 33. h4
Re8 34. Bd3 Be4 35. Kd2 Kf8 36. Bxe4 Rxe4 37. Kd3 Rg4 38. Rg1 Ke7 39. e4 Ke6
40. Ke3 f5 41. exf5+ Kxf5 42. Rf1+ Ke6 43. Rf3 Kd5 44. Rf5+ Ke6 45. Rf3 Kd5 46.
Rf5+ Kc4 47. Rc5+ Kb3 48. Rxc6 Rxg3+ 49. Ke4 Rg4+ 50. Ke5 Rxh4 51. d5 Kxb2 52.
d6 Rh1 53. Rc5 Re1+ 54. Kf5 a6 55. Rd5 Re8 56. d7 Rd8 57. Ke6 Kxa3 58. Rd6 a5
59. Rd3+ Kb2 60. Rg3 b4 61. Rg2+ Kb3 62. Rxg7 Ka4 63. Rg3 Rxd7 64. Rh3 b3 65.
Kxd7 Ka3 66. Rh4 a4 67. Rh3 Ka2 68. Rh2+ b2 69. Rg2 a3 70. Rh2 Ka1 71. Rxh6
b1=Q 72. Rd6 a2 73. Rc6 Qb2 74. Ra6 Qd4+ 75. Rd6 Qc4 76. Rc6 Qb5 77. Kc7 Qxc6+
78. Kxc6 Kb2 79. Kd6 a1=Q 80. Kc6 Qc1+ {Time forfeit} 0-1

[Event "Rated Blitz tournament biVhVlqF"]
[Site "?"]
[Date "2021.04.25"]
[Round "?"]
[White "AperaciumProxima"]
[Black "dr_xStranger"]
[Result "0-1"]
[WhiteElo "2263"]
[BlackElo "2554"]
[PlyCount "96"]
[EventDate "2021.??.??"]
[EventType "blitz"]

1. e4 e5 2. Nf3 d5 3. exd5 e4 4. Qe2 Nf6 5. d3 Bb4+ 6. c3 O-O 7. dxe4 Bc5 8.
Bg5 Re8 9. Nbd2 Nbd7 10. O-O-O c6 11. dxc6 bxc6 12. Kb1 Qc7 13. Qc4 Bf8 14. Bd3
h6 15. Bh4 Nb6 16. Qb3 Be6 17. c4 Nfd7 18. Bg3 Qc8 19. Nd4 Nc5 20. Qc2 Rd8 21.
N2b3 Nxd3 22. Nxe6 Qxe6 23. Rxd3 Rxd3 24. Qxd3 Nxc4 25. Rc1 Nb6 26. Nd4 Qg6 27.
Rxc6 Qg5 28. f4 Qa5 29. Qb3 Rd8 30. Nf5 g6 31. Rxg6+ Kh8 32. Rxh6+ Bxh6 33.
Nxh6 Rd7 34. Nxf7+ Kg7 35. Ne5 Rc7 36. a3 Qa4 37. Qxa4 Nxa4 38. Nd3 Rb7 39. f5
Nc3+ 40. Kc2 Nxe4 41. Be5+ Kf7 42. Nb4 a5 43. Nd5 Rb5 44. Nc3 Rxe5 45. Nxe4
Rxe4 46. Kd3 Re5 47. Kd4 Rxf5 48. Ke4 Rf2 {Time forfeit} 0-1

[Event "Rated Blitz game"]
[Site "?"]
[Date "2021.04.25"]
[Round "?"]
[White "tigra522"]
[Black "Jomajo"]
[Result "0-1"]
[WhiteElo "2446"]
[BlackElo "2634"]
[PlyCount "78"]
[EventDate "2021.??.??"]
[EventType "blitz"]

1. e4 e5 2. Nf3 d5 3. d4 exd4 4. Qxd4 dxe4 5. Qxd8+ Kxd8 6. Ng5 Ke8 7. Bc4 Nh6
8. Nxe4 Be6 9. Bxe6 fxe6 10. O-O Nc6 11. Na3 a6 12. Nc4 Nf5 13. c3 h6 14. Re1
Kf7 15. Bf4 Rc8 16. Rad1 Be7 17. Rd7 Rhd8 18. Rxc7 Rxc7 19. Bxc7 Rd7 20. Bf4 b5
21. Ne5+ Nxe5 22. Bxe5 Rd5 23. f4 g5 24. Kf2 g4 25. Ke2 h5 26. Ng3 Nxg3+ 27.
hxg3 Bc5 28. Rh1 Kg6 29. b3 Rd8 30. Rc1 Kf5 31. Rc2 Ke4 32. c4 b4 33. Rc1 Rd3
34. Rh1 Rxg3 35. Rxh5 Rxg2+ 36. Kd1 Kd3 37. Kc1 Rg1+ 38. Kb2 Be3 39. Rh8 Bc1+ {
Normal} 0-1

[Event "Rated Blitz tournament xN7IMafH"]
[Site "?"]
[Date "2021.04.25"]
[Round "?"]
[White "Artem_2005"]
[Black "Maltinho"]
[Result "1-0"]
[WhiteElo "2247"]
[BlackElo "2595"]
[PlyCount "73"]
[EventDate "2021.??.??"]
[EventType "blitz"]

1. e4 e5 2. Nf3 d5 3. d3 Bd6 4. exd5 Nf6 5. c4 c6 6. dxc6 Nxc6 7. Nc3 Bg4 8.
Be2 O-O 9. O-O Re8 10. Be3 Bc7 11. Nd2 Bxe2 12. Qxe2 Nd4 13. Qd1 Qd7 14. Nde4
Ng4 15. Nd5 f5 16. Nec3 Bd6 17. a3 Qe6 18. h3 Nxe3 19. fxe3 Nc6 20. e4 f4 21.
b4 a5 22. c5 Bf8 23. Qb3 Nd4 24. Qb2 Qg6 25. Kh1 axb4 26. axb4 Qg3 27. Rxa8
Rxa8 28. Qf2 Qxd3 29. Rd1 Qc4 30. g3 f3 31. Rd2 Ra3 32. Nd1 Ra1 33. Kh2 Qc1 34.
N5e3 Rb1 35. Rb2 Rxb2 36. Qxb2 Qc4 37. Nxc4 {Normal} 1-0

[Event "Rated Rapid game"]
[Site "?"]
[Date "2021.04.25"]
[Round "?"]
[White "Jisu101_bot"]
[Black "Boris-Trapsky"]
[Result "1-0"]
[WhiteElo "2404"]
[BlackElo "2244"]
[PlyCount "75"]
[EventDate "2021.??.??"]
[EventType "rapid"]

1. e4 e5 2. Nf3 d5 3. exd5 e4 4. Qe2 f5 5. d3 Qxd5 6. Nc3 Bb4 7. Bd2 Bxc3 8.
Bxc3 Nf6 9. O-O-O Qxa2 10. dxe4 Nxe4 11. Nd2 Qa1+ 12. Nb1 O-O 13. Qc4+ Kh8 14.
Qf7 Qxb1+ 15. Kxb1 Nxc3+ 16. bxc3 Nd7 17. Qe7 Rf6 18. Bc4 h6 19. Rd3 f4 20. Re1
Kh7 21. Qe4+ Kh8 22. Qe8+ Nf8 23. Rd8 Bd7 24. Rxa8 Bxe8 25. Rexe8 h5 26. Rxf8+
Kh7 27. Rxf6 gxf6 28. Rxa7 Kh6 29. Rxb7 Kg5 30. Rxc7 h4 31. Bd3 f5 32. Rf7 Kg6
33. Rxf5 f3 34. Rxf3+ Kh6 35. Rf7 Kg5 36. h3 Kh5 37. f4 Kh6 38. Rh7# {Normal}
1-0

[Event "Rated Blitz tournament xQiYhraH"]
[Site "?"]
[Date "2021.04.25"]
[Round "?"]
[White "W_Amadeus"]
[Black "DarthZannah"]
[Result "0-1"]
[WhiteElo "2255"]
[BlackElo "2508"]
[PlyCount "48"]
[EventDate "2021.??.??"]
[EventType "blitz"]

1. e4 e5 2. Nf3 d5 3. Nxe5 dxe4 4. d4 Nd7 5. Nc4 Nb6 6. Nc3 Nf6 7. Nxb6 axb6 8.
Bc4 Be7 9. O-O O-O 10. Bg5 Re8 11. h3 h6 12. Bh4 Bf5 13. Re1 c6 14. Qd2 b5 15.
Bb3 Qd7 16. Rad1 Rad8 17. Qf4 Nh5 18. Qh2 Bxh4 19. g4 Bxg4 20. hxg4 Qxg4+ 21.
Kh1 Qf3+ 22. Kg1 Nf4 23. Re3 Bxf2+ 24. Qxf2 Nh3+ {Normal} 0-1

[Event "Rated Blitz game"]
[Site "?"]
[Date "2021.04.25"]
[Round "?"]
[White "YEIKOCASTELLA"]
[Black "Gifroy"]
[Result "1/2-1/2"]
[WhiteElo "2418"]
[BlackElo "2438"]
[PlyCount "112"]
[EventDate "2021.??.??"]
[EventType "blitz"]

1. e4 e5 2. Nf3 d5 3. exd5 e4 4. Ne5 Qxd5 5. d4 exd3 6. Nxd3 Nc6 7. Nc3 Bb4 8.
Bd2 Bxc3 9. Bxc3 Nf6 10. Bxf6 gxf6 11. Qe2+ Be6 12. Nf4 Qa5+ 13. c3 O-O-O 14.
Qb5 Rhe8 15. Qxa5 Nxa5 16. Be2 Bc4 17. Rd1 Re4 18. Rxd8+ Kxd8 19. g3 Bxa2 20.
O-O Bc4 21. Rd1+ Ke8 22. Bf3 Re5 23. b4 Nc6 24. Bxc6+ bxc6 25. Kg2 c5 26. Ra1
a6 27. Kf3 cxb4 28. cxb4 Bb5 29. Rc1 Kd7 30. g4 Bc6+ 31. Kg3 Rb5 32. Rc4 Bd5
33. Rd4 c6 34. Nh5 Ke7 35. f4 a5 36. bxa5 Rxa5 37. Rd3 Rb5 38. Re3+ Be6 39. f5
Rb3 40. Kf4 Rxe3 41. Kxe3 Bd5 42. Kd4 Bf3 43. h3 Bg2 44. Nf4 Bf1 45. Kc5 Kd7
46. Nh5 Bxh3 47. Nxf6+ Kc7 48. Nxh7 Bxg4 49. Ng5 f6 50. Ne4 Bxf5 51. Nxf6 Bd7
52. Ne4 Be8 53. Nd6 Bd7 54. Nc4 Be6 55. Ne5 Bd5 56. Nxc6 Bxc6 {Normal} 1/2-1/2

[Event "Rated Blitz tournament gbXWUgrm"]
[Site "?"]
[Date "2021.04.25"]
[Round "?"]
[White "Maksat-94"]
[Black "KBG1"]
[Result "1-0"]
[WhiteElo "2496"]
[BlackElo "2261"]
[PlyCount "37"]
[EventDate "2021.??.??"]
[EventType "blitz"]

1. e4 e5 2. Nf3 d5 3. Nc3 d4 4. Ne2 Nc6 5. d3 Bc5 6. g3 Bg4 7. Bg2 Qd7 8. O-O
h5 9. a3 a5 10. Bd2 h4 11. b4 Bb6 12. b5 Nce7 13. Nxe5 Qe6 14. Nxg4 Qxg4 15.
Nf4 hxg3 16. Qxg4 gxh2+ 17. Kh1 Nf6 18. Qxg7 Rh7 19. Qxf6 {Normal} 1-0

[Event "Rated Blitz tournament H6qjm5C2"]
[Site "?"]
[Date "2021.04.25"]
[Round "?"]
[White "Horrible_attack_ever"]
[Black "om_gendut"]
[Result "0-1"]
[WhiteElo "2207"]
[BlackElo "2428"]
[PlyCount "82"]
[EventDate "2021.??.??"]
[EventType "blitz"]

1. e4 e5 2. Nf3 d5 3. exd5 e4 4. Nd4 Qxd5 5. Nb3 Nf6 6. Nc3 Qe5 7. Be2 Bd6 8.
d4 exd3 9. Qxd3 Bf5 10. Qe3 Bxc2 11. Qxe5+ Bxe5 12. O-O Nc6 13. Re1 O-O-O 14.
Be3 Ne4 15. Rac1 Nxc3 16. Rxc2 Nxe2+ 17. Rcxe2 f6 18. Nc5 Rhe8 19. a3 Bd6 20.
Nb3 Re7 21. g3 Rde8 22. Kf1 Re4 23. Bc5 Rxe2 24. Rxe2 Rxe2 25. Kxe2 Kd7 26.
Bxd6 Kxd6 27. Kd3 Ne5+ 28. Ke4 c5 29. h3 g6 30. Nd2 f5+ 31. Ke3 Kd5 32. b3 b5
33. f4 Nc6 34. Nf3 Nd4 35. Ng5 Nxb3 36. Nxh7 Nd4 37. Nf8 Nc2+ 38. Ke2 Nxa3 39.
Nxg6 b4 40. Ne7+ Ke6 41. Nc6 b3 {Normal} 0-1

[Event "Rated Blitz game"]
[Site "?"]
[Date "2021.04.25"]
[Round "?"]
[White "hinuttaja"]
[Black "Trompatzer"]
[Result "1-0"]
[WhiteElo "2471"]
[BlackElo "2396"]
[PlyCount "49"]
[EventDate "2021.??.??"]
[EventType "blitz"]

1. e4 e5 2. Nf3 d5 3. Nxe5 Bd6 4. d4 dxe4 5. Nc4 Nf6 6. Nc3 O-O 7. Bg5 Bb4 8.
Be2 h6 9. Bh4 g5 10. Bg3 Nd5 11. Qd2 f5 12. Be5 Nc6 13. h4 Nxe5 14. Nxe5 f4 15.
hxg5 hxg5 16. Kf1 Bxc3 17. bxc3 e3 18. Qd3 Bf5 19. Qc4 b5 20. Qc6 exf2 21. Bxb5
Ne3+ 22. Kxf2 Qd6 23. Rh5 Qe7 24. Rah1 Kg7 25. Qh6+ {Time forfeit} 1-0